| 000 | 01068nam a2200301 4500 | ||
|---|---|---|---|
| 001 | 0000014201 | ||
| 003 | CO-CtgCURN | ||
| 005 | 20250331185207.0 | ||
| 007 | ta | ||
| 008 | 160627s2000 000 0 eng d | ||
| 020 | _a8445809113 | ||
| 040 |
_aCO-CtgCURN _bspa _ccoctgcurn |
||
| 082 | 0 |
_a616.6 _bL415f |
|
| 100 | 1 | _aLiaño, Fernando. | |
| 245 | 1 | 0 |
_aFracaso renal agudo / _cdirectores Fernando Liaño, Julio Pascual. |
| 260 |
_aBarcelona : _bMasson, _c2000. |
||
| 300 | _axvii, 555 p. | ||
| 336 | _2rdacontent | ||
| 337 |
_2rdamedia _asin mediacion _bn |
||
| 338 |
_2rdacarrier _avolumen _bnc |
||
| 500 | _aIncluye bibliografia e indice. | ||
| 505 | 8 | _aIntroducción renal al fracaso renal agudo.--Morfología y fisiopatología del fracaso renal agudo.--Fracaso renal agudo en el embarazo.--Manejo, tratameinto y evolucion del fracaso renal agudo | |
| 650 | 1 | 4 | _aInsuficiencia renal. |
| 700 | 1 | _aRoglan Piqueras. | |
| 908 | _a160627 | ||
| 942 |
_cBK _h616.6 _iL415f _2ddc |
||
| 999 |
_c22531 _d22531 |
||